00607nam a2200181Ia 4500008004100000020001500041041001200056082001600068100001600084245005800100260003400158300000900192650001600201700001600217942000700233999001500240952017000255221030s9999 xx 000 0 und d a8175441577 aEnglish a105.23bGup aA. K. Gupta 0aMathematics of Computingcby A. K. Gupta, S. K.Sarkar bWheeler Pub.aNew Delhic1999 a3449 aBE Computer aS. K.Sarkar cBK c6508d6508 pBE 1011g345.00l0o105.23 Gupr2024-06-13 00:00:00w2022-10-30yBK003Print4070aMIETLIBbMIETLIBcBL-Academic Block C, FL-2, CUP-6, SH-1, R-1d2000-02-0910HBE